Tilastot visalle Norsunluurannikko-visa

Klikkaa tästä pelataksesi tätä visaa!

Yleistilastot

  • Tätä visaa on pelattu 159 kertaa
  • Keskiarvotulos 11 / 16

Vastaustilastot

VihjeVastaus% Oikein
Virallinen kieliRanska
95%
Valtio, jonka lippu on samanlainen kuin Norsunluurannikolla:
Irlanti
94%
NaapurimaatGhana
89%
NaapurimaatMali
89%
NaapurimaatGuinea
88%
NaapurimaatBurkina Faso
87%
NaapurimaatLiberia
84%
Norsunluurannikko on tämän pavun suurin tuottajavaltioKaakao
78%
PääkaupunkiYamoussoukro
68%
Yhdysvaltalainen poplaulaja, joka julistettiin Sanwin kuningaskunnan kuninkaaksi vuonna 1992Michael Jackson
57%
Eniten maaleja Norsunluurannikon maajoukkueessa tehnyt pelaajaDidier Drogba
52%
Norsunluurannikon virallinen nimiCôte d'Ivoire
49%
Väkirikkain kaupunkiAbidjan
48%
Puun maitiaisnesteestä valmistettava tuote, joka on yksi Norsunluurannikon tärkeimmistä vientituotteistaKumi
43%
Mikä on Norsunluurannikon jalkapallomaajoukkueen lempinimi?Les Élephants
38%
Norsunluurannikon ensimmäinen presidentti, joka hallitsi maata yli 30 vuotta vuodesta 1960 lähtienFélix Houphouët-Boigny
29%

Tulosjakauma

Persentiili vastausten määrän mukaan

Jokaisen tuloksen saaneiden osuus

Tuloshistoriasi

Et ole pelannut tätä visaa